00301 a2200109 4500001000700000020000600007040001100013100003100024240006600055245006100121362000900182177265 a  cMagnum aThomason, Calvin Cornelius10aRelacoes humanas: problemas e casos no trato das pessoaslpor10aRelacoes humanas: problemas e casos no trato das pessoas0 a1899